[Event "Haarlem Nova College op 1st"]
[Site "Haarlem"]
[Date "2002.07.06"]
[Round "4"]
[White "Burgerhoff, Tycho"]
[Black "Ziyada, Najeck"]
[Result "1-0"]
[WhiteElo "1950"]
[BlackElo "1700"]
[PlyCount "73"]
[EventDate "2002.07.05"]
[EventType "swiss"]
[EventRounds "6"]
[EventCountry "NED"]
[SourceTitle "CBM 089 Extra"]
[Source "ChessBase"]
[SourceDate "2002.09.10"]
[SourceVersion "2"]
[SourceVersionDate "2002.09.10"]
[SourceQuality "1"]

1. e4 c5 2. Nf3 e6 3. d4 cxd4 4. Nxd4 Nc6 5. Nc3 a6 6. Be2 Bb4 7. 0-0 Bxc3 8. bxc3 Qa5 9. Bd2 Nf6 10. Bd3 Ne5 11. f4 Nxd3 12. cxd3 0-0 13. f5 e5 14. Nf3 d6 15. Qe1 Bd7 16. Bg5 Qb6+ 17. Kh1 Nh5 18. Qh4 Nf4 19. Bxf4 exf4 20. Qxf4 f6 21. g4 h6 22. h4 Qc6 23. c4 b5 24. Rac1 b4 25. Rg1 Kf7 26. Kh2 Rab8 27. d4 b3 28. axb3 Rxb3 29. Rgf1 Rfb8 30. e5 Rb2+ 31. Kg3 Bc8 32. exd6 R8b3 33. Rce1 Qxc4 34. Re7+ Kg8 35. Rfe1 Bb7 36. Qxh6 gxh6 37. Re8+ 1-0